000 01420cam a22003737a 4500
003 CHAP
005 20220329142932.0
008 050314d2001 mx bd rs 00110 spa d
010 _a89820
011 _a90792
035 _a101349
040 _cCHAP
082 0 4 _a342.07253
_bI5
110 2 _aInstituto Electoral del Distrito Federal. México
_959185
245 1 0 _aEstadística de las elecciones locales 2000
_c/por Instituto Electoral del Distrito Federal
260 _aMéxico, D. F. :
_bInstituto Electoral del Distrito Federal,
_c2001
300 _a2 v. :
_bgráfs. ; mapas ; cuadros
590 _aBATCH-UPD
_b10
_c20130110
_lUCH01
_h0451
590 _aBATCH-UPD
_b10
_c20130110
_lUCH01
_h2346
590 _aBATCH-UPD
_b10
_c20130410
_lUCH01
_h0128
590 _aBATCH-UPD
_b10
_c20130410
_lUCH01
_h1634
590 _aBATCH-UPD
_b10
_c20130914
_lUCH01
_h1255
590 _aBATCH-UPD
_b10
_c20161124
_lUCH01
_h1712
590 _aCONVERSION
_b10
_c20130109
_lUCH01
_h1350
650 1 4 _aElecciones
_xLegislación
_zMéxico (D.F.).
_936206
650 1 4 _aElecciones
_zMéxico (D.F.).
_936210
650 1 4 _aEstadística.
_938241
651 4 _aMéxico
_xPolítica y gobierno.
_976783
901 _aBK
905 _aMarco A. Mendoza T.
942 _cLIBRO
949 _a342.07253 I5
_bBC
_cC
_d33724000943213
_eC
_fv.1
_gDonaciØn
_h105181
_i101349
_sb
949 _a342.07253 I5
_bBC
_cC
_d33724000943221
_eC
_fv.2
_gDonaciØn
_h105182
_i101349
_sb
999 _c89820
_d89820